Постановление ЦИК и СНК СССР об увековечении памяти К. Э. Циолковского и о переименовании гор. Калуги в г. Циолковск

RUSMARC
00005504nac2a22003733x 450
00152068ef8-838f-4856-947e-4d490c422ab5
00520250805131703.0
100##$a20250619l19351935k y0rusy50 ca
1010#$arus
102##$aRU
105##$ay z |||||
1222#$ad19350929
$ad19351228
2001#$aПостановление ЦИК и СНК СССР об увековечении памяти К. Э. Циолковского и о переименовании гор. Калуги в г. Циолковск
$j29.09.1935 - 28.12.1935
215##$a10 листов
$d35,6 х 24,2
251##$cДело
300##$aЗаголовок дела на папке: Постановление ЦИК и СНК СССР. Об увековечении памяти К. Э. Циолковского и о переименовании г. Калуги в г. Циолковск
300##$aЧасть текста машинописная с рукописными пометками, часть - напечатана типографским способом
324##$aВ деле имеются копии отдельных документов
330##$aВходит в раздел описи: Оргкомиссия
461#0$1001796d4672-8a00-4986-b488-6e42273792cc
$12001
$aЦЕНТРАЛЬНЫЙ ИСПОЛНИТЕЛЬНЫЙ КОМИТЕТ СССР (ЦИК СССР).
$1251
$cФонд
$1852
$gР
$j3316
462#0$1001b2b03070-aa26-4135-b154-6f52ec7c8bcd
$12001
$aДела Секретариата Президиума ЦИК Союза ССР за 1935 год
$vД. 68
$1251
$cОпись
$1852
$j28
5171#$aПостановление ЦИК и СНК СССР. Об увековечении памяти К. Э. Циолковского и о переименовании г. Калуги в г. Циолковск
600#1$aЦиолковский
$bК. Э.
60101$3RU\NLR\AUTH\880357276
$aСССР
$bЦИК
60101$3RU\NLR\AUTH\8810020782
$aСССР
$bСовет Народных Комиссаров
605##$3DITM\AF\0000002775
$aВласть
$lколлекция
$2acquisition_prlib
607##$aКалуга, город
607##$aЦиолковск, город
6101#$aПостановление
$aУвековечение памяти
$aПереименование
686##$a67.401.011.12ю1
$cПраво
$2rubbk
686##$a63.3(2)614-332ю1
$cИстория
$2rubbk
801#0$aRU
$bGA_RF
801#1$aRU
$bГлавНИВЦ
$c20250619
$2rusmarc
801#2$aRU
$bПБ им. Б.Н. Ельцина
$c20250805
$gRCR
$2rusmarc
852##$aГА РФ
$j68
937##$d197768885
$hГАРФ
035##$aRuPRLIB51080271
856##$uhttp://readingroom.main.prlib.ru/item.aspx?id_node=n197768885&mode=full
Формат отображения